000 00370 a2200157 4500
001 62834
020 _a9788576799009
040 _cAnchieta - Pituba
100 _aFerraz, Carolina
240 1 0 _aA princesa do baile da meia-noite
_lpor
245 1 0 _aA princesa do baile da meia-noite
300 _a199
362 0 _a2013
650 4 _aLiteratura juvenil
942 _cBK
999 _c62834
_d62834